00653nam a2200193Ia 4500008004100000020001800041082001400059100002000073245004700093250000800140260003800148300002300186500001900209600002700228650005000255942000700305952013000312999001700442240925s9999 xx 000 0 und d a9788177583670 a006.3 RUS aRussell, Stuart 0aArtificial Intelligence: a modern approach a2nd aIndia:bPearson Educationc,2012. a743p.b0fOriginal aIncludes Index aEngineering Technology aComputer science, information & general works cBK 001040708ETaUITUbUITUd2015-01-27eRoyal Book Companyg530.00l0o006.3 RUSpQ10026r2024-09-25 07:15:34w2024-09-25yBK c12525d12525